[Event "Wch U14"]
[Site "Montesilvano"]
[Date "2023.11.15"]
[Round "3"]
[White "Daakshin, Arun"]
[Black "Tregubenko, Nikolay"]
[Result "1-0"]
[WhiteElo "2342"]
[BlackElo "2138"]
[PlyCount "77"]
[EventDate "2023.11.13"]
[EventType "swiss"]
[EventRounds "11"]
[EventCountry "ITA"]
[SourceTitle "CB48_2023"]
[SourceDate "2023.11.29"]
[SourceVersion "1"]
[SourceVersionDate "2023.11.29"]
[SourceQuality "1"]

1. d4 Nf6 2. c4 g6 3. Nc3 Bg7 4. e4 d6 5. Be2 0-0 6. h4 c5 7. d5 e6 8. h5 exd5 9. exd5 Re8 10. h6 Bh8 11. Bg5 Qb6 12. b3 Ne4 13. Nxe4 Rxe4 14. Kf1 Nd7 15. Nf3 Re8 16. Rc1 Ne5 17. g3 a5 18. Kg2 a4 19. Re1 axb3 20. axb3 Nxf3 21. Bxf3 Bf5 22. Ra1 Be5 23. Rxa8 Rxa8 24. Bg4 Bxg4 25. Qxg4 f5 26. Qf3 Re8 27. Qd1 Rf8 28. f4 Bf6 29. Bxf6 Rxf6 30. Re8+ Rf8 31. Qa1 Kf7 32. Rxf8+ Kxf8 33. Qh8+ Ke7 34. Qxh7+ Kd8 35. Qg8+ Kc7 36. h7 Qxb3 37. h8Q Qc2+ 38. Kh3 Qf2 39. Qd8# 1-0

[Event "Fagernes Autumn op"]
[Site "Fagernes"]
[Date "2023.10.11"]
[Round "4"]
[White "Rohit, S3."]
[Black "Daakshin, Arun"]
[Result "1-0"]
[WhiteElo "2226"]
[BlackElo "2384"]
[PlyCount "81"]
[EventDate "2023.10.08"]
[EventType "swiss"]
[EventRounds "9"]
[EventCountry "NOR"]
[SourceTitle "Mega2024 Update 01"]
[Source "Chessbase"]
[SourceDate "2023.11.12"]
[SourceVersion "1"]
[SourceVersionDate "2023.11.12"]
[SourceQuality "1"]

1. e4 c5 2. Nf3 d6 3. d4 cxd4 4. Nxd4 Nf6 5. Nc3 a6 6. Bg5 e6 7. f4 h6 8. Bh4 Nbd7 9. Qe2 e5 10. fxe5 Nxe5 11. 0-0-0 Be7 12. Nf3 Qa5 13. Qd2 Be6 14. Nd4 Rc8 15. Bxf6 Bxf6 16. Kb1 Nc4 17. Bxc4 Bxc4 18. a3 Be5 19. Nf5 Rc6 20. Nd5 Qc5 21. Nfe7 Rb6 22. b4 Qa5 23. Qe3 Rb5 24. Kc1 Qa4 25. Qh3 Bxd5 26. Nxd5 0-0 27. Qb3 Qxb3 28. cxb3 a5 29. Kd2 axb4 30. axb4 f5 31. Rhf1 Ra8 32. Rxf5 Ra2+ 33. Kd3 Rxd5+ 34. exd5 Bxh2 35. Rd2 Ra6 36. Kc4 Bg1 37. Re2 b6 38. Kb5 Ra3 39. Rf3 g5 40. Kc6 g4 41. Rd3 1-0

[Event "Asia-ch U20"]
[Site "Jamshedpur"]
[Date "2023.09.09"]
[Round "1"]
[White "Vivaan, Vishal Shah"]
[Black "Daakshin, Arun"]
[Result "0-1"]
[WhiteElo "1954"]
[BlackElo "2427"]
[PlyCount "104"]
[EventDate "2023.09.09"]
[EventType "swiss"]
[EventRounds "9"]
[EventCountry "IND"]
[SourceTitle "EXT 2024"]
[Source "ChessBase"]
[SourceDate "2023.10.10"]
[SourceVersion "1"]
[SourceVersionDate "2023.10.10"]
[SourceQuality "1"]

1. e4 c5 2. Nf3 d6 3. d4 cxd4 4. Nxd4 Nf6 5. Nc3 a6 6. Bg5 e6 7. f4 Be7 8. Qf3 Qc7 9. 0-0-0 Nbd7 10. g4 b5 11. Bxf6 Nxf6 12. g5 Nd7 13. f5 0-0 14. Rg1 b4 15. Nce2 e5 16. f6 exd4 17. fxe7 Re8 18. Nxd4 Ne5 19. Qf4 Qc5 20. h4 Rxe7 21. Rg2 g6 22. h5 gxh5 23. Qf6 Raa7 24. Nf5 Bxf5 25. exf5 Ng4 26. Rxg4 hxg4 27. g6 hxg6 28. fxg6 Qe5 29. gxf7+ Rxf7 30. Qg6+ Qg7 31. Qxd6 Qg5+ 32. Kb1 Rad7 33. Qb8+ Kg7 34. Bd3 Qf4 35. Qb6 Rd6 36. Qg1 g3 37. b3 Qf2 38. Qh1 Rxd3 39. cxd3 g2 40. Qh2 Re7 41. Qd6 Qe3 42. Qh2 Qf3 43. Qg1 Re3 44. Rc1 Qe2 45. Rd1 a5 46. Ka1 Kg6 47. Kb1 Rf3 48. Rc1 Rf2 49. Rc6+ Kf5 50. Rc5+ Kg4 51. Rc4+ Kg3 52. Qc1 Qxa2# 0-1

[Event "Paracin op 16th"]
[Site "Paracin"]
[Date "2023.07.10"]
[Round "4"]
[White "Harshad, S."]
[Black "Daakshin, Arun"]
[Result "1-0"]
[WhiteElo "2222"]
[BlackElo "2087"]
[PlyCount "83"]
[EventDate "2023.07.07"]
[EventType "swiss"]
[EventRounds "9"]
[EventCountry "SRB"]
[SourceTitle "EXT 2024"]
[Source "ChessBase"]
[SourceDate "2023.10.10"]
[SourceVersion "1"]
[SourceVersionDate "2023.10.10"]
[SourceQuality "1"]

1. e4 c5 2. Nf3 d6 3. d4 cxd4 4. Nxd4 Nf6 5. Nc3 a6 6. g3 e5 7. Nb3 Be7 8. Bg5 Be6 9. Bxf6 Bxf6 10. h4 Be7 11. Qd2 Nd7 12. Nd5 Nf6 13. Nxf6+ Bxf6 14. 0-0-0 Be7 15. f4 Qc7 16. Kb1 b5 17. Bd3 Rb8 18. f5 Bd7 19. g4 Bc6 20. g5 b4 21. h5 h6 22. f6 gxf6 23. g6 fxg6 24. hxg6 Bf8 25. Qe2 a5 26. Bc4 Bg7 27. Bf7+ Kf8 28. Qc4 Rc8 29. Be6 Ba4 30. Nxa5 Qxc4 31. Nxc4 Rxc4 32. Bxc4 Ke7 33. b3 Bc6 34. Bd5 Bd7 35. c3 bxc3 36. Rd3 f5 37. Rxc3 Kf6 38. Rc7 Rd8 39. a4 f4 40. a5 f3 41. a6 Kg5 42. a7 1-0